UBT Library

Dentaln Hygienist (Record no. 53859)

000 -LEADER
fixed length control field 00265nam a22001097a 4500
008 - FIXED-LENGTH DATA ELEMENTS--GENERAL INFORMATION
fixed length control field 190129b xxu||||| |||| 00| 0 eng d
020 ## - INTERNATIONAL STANDARD BOOK NUMBER
International Standard Book Number 9780781763226
082 ## - DEWEY DECIMAL CLASSIFICATION NUMBER
Edition number 10 th
Classification number 616.31
245 ## - TITLE STATEMENT
Title Dentaln Hygienist
Remainder of title Wilkins M. Esther
300 ## - PHYSICAL DESCRIPTION
Extent 1
942 ## - ADDED ENTRY ELEMENTS (KOHA)
Source of classification or shelving scheme
Item type Visual Materials
Holdings
Withdrawn status Lost status Source of classification or shelving scheme Damaged status Not for loan Collection code Permanent location Current location Shelving location Date acquired Total Checkouts Full call number Barcode Date last seen Price effective from Koha item type
          Koleksioni i përgjithshem UBT - Lipjan UBT - Lipjan Koleksioni i përgjithshem 01/29/2019   616.31 WIL 002-3021572 01/29/2019 01/29/2019 Computer Files
UBT Library © 2015-2024. All rights reserved University Education for Business and Technology